Welcome to CU Library Online Public Access Catalogue (OPAC)

The Book Of Inside Information; (Record no. 2044)

MARC details
000 -LEADER
fixed length control field 00500nam a22001457a 4500
005 - DATE AND TIME OF LATEST TRANSACTION
control field 20241210170251.0
008 - FIXED-LENGTH DATA ELEMENTS--GENERAL INFORMATION
fixed length control field 241210b |||||||| |||| 00| 0 eng d
020 ## - INTERNATIONAL STANDARD BOOK NUMBER
International Standard Book Number 0-88723-037-7
050 ## - LIBRARY OF CONGRESS CALL NUMBER
Classification number HQ2039.U6B66
Item number BOO
245 ## - TITLE STATEMENT
Title The Book Of Inside Information;
Remainder of title Money Health Success Retirement Investments Taxes Fitness Car Travel Education Marriage Home Collecting Shopping
260 ## - PUBLICATION, DISTRIBUTION, ETC.
Place of publication, distribution, etc. New York
Name of publisher, distributor, etc. Boardroom Classics
Date of publication, distribution, etc. c1982
300 ## - PHYSICAL DESCRIPTION
Extent xiii;497p;
500 ## - GENERAL NOTE
General note INCLUDES INDEX
942 ## - ADDED ENTRY ELEMENTS (KOHA)
Source of classification or shelving scheme Library of Congress Classification
Koha item type Books
Suppress in OPAC No
999 ## -
-- 2044
-- 2044
Holdings
Withdrawn status Lost status Source of classification or shelving scheme Damaged status Not for loan Collection Home library Current library Shelving location Date acquired Total checkouts Full call number Barcode Date last seen Copy number Price effective from Koha item type
    Library of Congress Classification     Non-fiction Undergraduate Library (Christ Temple) Undergraduate Library (Christ Temple) General stacks 12/10/2024   HQ2039.U6B66 ulct00000578 12/10/2024 1 12/10/2024 Books
© 2023-2024 Copyright: Central University Libraries. All Rights Reserved | Created by: Mahone Tech Office